000 02641cam a2200289 4500500
005 20260208010954.0
041 _afre
042 _adc
100 1 0 _aDromelet, Catherine
_eauthor
245 0 0 _aLéon Dumont : sensibilité, plaisir et habitude
260 _c2018.
500 _a32
520 _aLéon Dumont (1837-1877) développe des réflexions philosophiques et physiologiques sur l’habitude qui révèlent une connaissance approfondie et critique des écrits de Maine de Biran, Ravaisson, Albert Lemoine et Comte. À la suite de Hamilton, il construit une science de la sensibilité qu’il nomme « esthétique », rompant avec la tradition de Baumgarten. Pour lui, l’habitude est conditionnée par le plaisir dans les êtres organiques dotés d’un certain degré de conscience, ce qui leur permet de s’autodéterminer et d’évoluer. Une contradiction apparaît dans le rôle attribué au plaisir : une habitude stabilisée diminue la sensibilité, laquelle est néanmoins nécessaire pour établir cette habitude. Dumont rend compte de la complexité du plaisir, ainsi que des alliances et des luttes des habitudes entre elles pour conserver une organisation efficace du point de vue de la sélection naturelle.
520 _aLéon Dumont (1837-1877) develops philosophical and physiological considerations on habit that reveal a deep and critical knowledge of the writings of Maine de Biran, Ravaisson, Albert Lemoine and Comte. Following Hamilton, he builds a science of sensitivity he calls “esthétique,” thereby breaking with the baumgartian tradition. According to Dumont, habit is conditioned by pleasure in organic beings endowed with a certain degree of consciousness, which allows them to self-determine and evolve. But an apparent contradiction weakens that theory with regard to the role it ascribes to pleasure: a stabilized habit diminishes sensitivity, which is nonetheless necessary for the habit to be gained. Dumont accounts for the complexity of pleasure, as well as for the alliances and struggles that take place among habits so as to maintain an organization up to the challenges of natural selection.
690 _aesthétique
690 _ahabitude
690 _aLéon Dumont
690 _aplaisir
690 _asensibilité
690 _aæsthetics
690 _ahabit
690 _aLéon Dumont
690 _apleasure
690 _asensitivity
786 0 _nRevue philosophique de la France et de l'étranger | 143 | 4 | 2018-11-12 | p. 479-494 | 0035-3833
856 4 1 _uhttps://shs.cairn.info/revue-philosophique-2018-4-page-479?lang=fr&redirect-ssocas=7080
999 _c1659089
_d1659089